Annual editions : (Record no. 16629)

000 -LEADER
fixed length control field 00482cam a22001693 4500
020 ## - INTERNATIONAL STANDARD BOOK NUMBER
ISBN 9780073545868 ($28.00)
020 ## - INTERNATIONAL STANDARD BOOK NUMBER
ISBN 0073545864 ($28.00)
040 ## - CATALOGING SOURCE
Transcribing agency YDXCP
082 ## - DEWEY DECIMAL CLASSIFICATION NUMBER
Classification number 370 DUS 2006 A108 Or.
245 00 - TITLE STATEMENT
Title Annual editions :
Remainder of title multicultural education; 06/07/
260 ## - PUBLICATION, DISTRIBUTION, ETC. (IMPRINT)
Place of publication [S.l.] :
Name of publisher Dushkin Publishing,
Year of publication 2006
300 ## - PHYSICAL DESCRIPTION
Number of Pages xviii, 237 p. ;
Other physical details ill. ;
Dimensions 28 cm
650 #0 - SUBJECT ADDED ENTRY--TOPICAL TERM
Topical Term Child psychology
650 #0 - SUBJECT ADDED ENTRY--TOPICAL TERM
Topical Term Child development
650 #0 - SUBJECT ADDED ENTRY--TOPICAL TERM
Topical Term Multicultural education
942 ## - ADDED ENTRY ELEMENTS (KOHA)
Koha item type សៀវភៅភាសាអង់គ្លេស
952 ## - LOCATION AND ITEM INFORMATION (KOHA)
Withdrawn status [LOCAL, KOHA] 0
Holdings
Permanent Location Date acquired Koha item type Lost status Shelving location Barcode Current Location Full call number
Library Block A2018-03-19សៀវភៅភាសាអង់គ្លេស A108A15862Library Block A370 DUS 2006 A108 Or.
មជ្ឈមណ្ឌលឯការនៃសាកលវិទ្យាល័យភូមិន្ទកសិកម្មចំការដូង

Powered by Koha